000 00710nam a2200205 a 4500
001 000027467
005 20200930030844.0
008 110331s1984 dr ac 000 | spa d
040 _aDO-SdBNP
_bspa
_cBNPHU
082 _a320.5
_bH344a
100 1 _aHasbún, Amín Abel
_950855
245 1 0 _aAmérica Latina busca su camino /
_cAmín Abel Hasbún.
260 _aSanto Domingo :
_bUASD,
_c1984.
300 _a125 p. :
_bil., retrs. ;
_c21 cm.
650 4 _aActividad política estudiantil
_zRepública Dominicana
_950856
650 4 _aRepública dominicana
_xPolítica y gobierno
_92488
650 4 _aRepública dominicana
_xCondiciones sociales
_950857
910 _aValidado. Control de calidad
049 _aBNPD
999 _c26959
_d26959